书目信息 |
| 题名: |
社会科学文献检索与利用
|
|
| 作者: | 来新夏 , 惠世荣 , 王荣授 著 | |
| 分册: | ||
| 出版信息: | 天津 南开大学出版社 1986 |
|
| 页数: | 334页 | |
| 开本: | 20cm | |
| 丛书名: | ||
| 单 册: | ||
| 中图分类: | G354.2 | |
| 科图分类: | ||
| 主题词: | 检索方法 , 检索工具 | |
| 电子资源: | ||
| ISBN: | ||
| 000 | 00754nam0 2200277 45 | |
| 001 | 0186019105 | |
| 005 | 20050405091514.6 | |
| 010 | @dCNY1.90 | |
| 091 | @a7301.14 | |
| 100 | @a19900726d1986 em y0chiy0121 ea | |
| 101 | 0 | @achi |
| 102 | @aCN@b120000 | |
| 105 | @ay z 000yy | |
| 200 | 10 | @a社会科学文献检索与利用@Ashe hui ke xue wen xian jian suo yu li yong@f来新夏等著@FLai Xin Xia Deng Zhu |
| 210 | @a天津@c南开大学出版社@d1986 | |
| 215 | @a334页@d20cm | |
| 300 | @a图书馆学情报学系列教程 | |
| 606 | @a检索方法 | |
| 606 | 0 | @a检索工具 |
| 690 | @aG354.2@v3 | |
| 701 | 0 | @a来新夏@4著 |
| 701 | 0 | @a惠世荣@4著 |
| 701 | 0 | @a王荣授@4著 |
| 801 | 0 | @aCN@b深圳图书馆@c20040430 |
| 801 | 2 | @aCN@bNLC@c20040430 |
| 905 | @dG354.2@e28@f1@b167353 | |
| 社会科学文献检索与利用/来新夏等著.-天津:南开大学出版社,1986 |
| 334页;20cm |
| 图书馆学情报学系列教程 |
| ISBN :CNY1.90 |
| ● |
| 相关链接 |
|
|
|
|
正题名:社会科学文献检索与利用
索取号:G354.2/28
 
预约/预借
| 序号 | 登录号 | 条形码 | 馆藏地/架位号 | 状态 | 备注 |
| 1 | 0167345 | 000984135 | 密集书库/ [索取号:G354.2/28] | 在馆 | |
| 2 | 0167346 | 000984199 | 密集书库/ [索取号:G354.2/28] | 在馆 | |
| 3 | 0167347 | 001997824 | 密集书库/ [索取号:G354.2/28] | 在馆 | |
| 4 | 0167348 | 000984153 | 密集书库/ [索取号:G354.2/28] | 在馆 | |
| 5 | 0167349 | 000984162 | 密集书库/ [索取号:G354.2/28] | 在馆 | |
| 6 | 0167350 | 000984206 | 密集书库/ [索取号:G354.2/28] | 在馆 | |
| 7 | 0167351 | 000984180 | 密集书库/ [索取号:G354.2/28] | 在馆 | |
| 8 | 0167352 | 000984171 | 密集书库/ [索取号:G354.2/28] | 在馆 | |
| 9 | 0167353 | 001997502 | 第一样本阅览室/ [索取号:G354.2/28] | 在馆 | |
| 10 | 0167354 | 000466677 | 密集书库/ [索取号:G354.2/28] | 在馆 | |
| 11 | 0167355 | 000984144 | 密集书库/ [索取号:G354.2/28] | 在馆 | |
| 12 | 0240475 | 000308456 | 密集书库/ [索取号:G354.2/28] | 在馆 | |
| 13 | 0240476 | 000308517 | 密集书库/ [索取号:G354.2/28] | 在馆 | |
| 14 | 0240477 | 000308526 | 密集书库/ [索取号:G354.2/28] | 在馆 | |
| 15 | 0240478 | 000466597 | 密集书库/ [索取号:G354.2/28] | 在馆 | |
| 16 | 0240479 | 000466631 | 密集书库/ [索取号:G354.2/28] | 在馆 |